000 00549nam a22001937a 4500
999 _c6084
_d6084
003 AR-CdUCM
008 190313b ||||| |||| 00| 0 spa d
040 _aMUNICIPALIDAD PROVINCIAL DEL CUSCO
_cBIBLIOTECA MUNICIPAL DEL CUSCO
082 _a869.56 /
_bB45
100 _aBerninsone, Luis
_917698
245 _aWalpúrgicas :
_bpoemas /
260 _aLima :
_c1917.
300 _a106 páginas ;
_c16.5 cm.
500 _aDonación familia Nieto
650 _aPoesías peruanas
_91481
650 _aSiglo XX
_98
942 _2ddc
_cLIBROS
945 _aafb